Sports Quiz

Random Sports or Country Quiz

World Cup 1998 Grab Bag! Quiz Stats

Quiz not verified by Sporcle

Challenge
Share
Tweet
Embed
Score 0/68 Timer 15:00
0 Plays Today
Answer Answer % Correct
The Top FourBrazil
99.2%
The Top FourFrance
99%
Awards WinnersFrance
99%
Awards WinnersFrance
99%
Awards WinnersRonaldo
96.7%
All Star TeamRonaldo
96.7%
The Top FourCroatia
94.3%
The Top FourNetherlands
93.3%
Awards WinnersFabien Barthez
91.5%
All Star TeamFabien Barthez
91.5%
All Star TeamZinedine Zidane
89%
Cities played inParis
88.6%
Awards WinnersDavor Suker
85%
All Star TeamDavor Suker
85%
Participants - CONMEBOL (South America)Brazil
82.9%
Participants - UEFA (Europe)France
82.7%
Awards WinnersEngland
81.5%
All Star TeamDennis Bergkamp
80.3%
Participants - UEFA (Europe)Netherlands
79.9%
Participants - UEFA (Europe)Croatia
79.3%
Cities played inMarseille
78.9%
All Star TeamRoberto Carlos
76.2%
Participants - UEFA (Europe)England
76%
Cities played inLyon
75.2%
Participants - UEFA (Europe)Germany
74.8%
All Star TeamMichael Laudrup
74.6%
All Star TeamBrian Laudrup
74.6%
Participants - CONMEBOL (South America)Argentina
74.6%
Participants - CONCACAF (North/Central America and Caribbean)Mexico
73.6%
Participants - AFC (Asia)Japan
73.4%
Participants - UEFA (Europe)Italy
73.2%
Participants - CONCACAF (North/Central America and Caribbean)USA
73.2%
Participants - UEFA (Europe)Spain
72.8%
Participants - CONMEBOL (South America)Chile
72.8%
Answer Answer % Correct
Participants - CONMEBOL (South America)Paraguay
72.6%
Participants - UEFA (Europe)Denmark
72.4%
All Star TeamLilian Thuram
72.2%
All Star TeamJose Luis Chilavert
71.5%
Participants - AFC (Asia)Korea Republic
71.5%
All Star TeamRivaldo
71.1%
Participants - CAF (Africa)Nigeria
70.5%
Participants - CAF (Africa)Cameroon
70.1%
All Star TeamMarcel Desailly
69.1%
Participants - CONMEBOL (South America)Colombia
68.3%
Participants - CAF (Africa)South Africa
67.9%
Participants - UEFA (Europe)Norway
67.3%
Participants - CONCACAF (North/Central America and Caribbean)Jamaica
66.5%
Participants - UEFA (Europe)Scotland
65.9%
Participants - UEFA (Europe)Belgium
65.2%
Participants - AFC (Asia)Iran
65.2%
All Star TeamFrank De Boer
64.6%
Participants - CAF (Africa)Morocco
64.6%
Cities played inBordeaux
63.8%
Participants - AFC (Asia)Saudi Arabia
63.8%
Participants - CAF (Africa)Tunisia
63%
All Star TeamDunga
62%
Participants - UEFA (Europe)Austria
62%
Participants - UEFA (Europe)Romania
61%
All Star TeamEdgar Davids
60.4%
Participants - UEFA (Europe)Bulgaria
60.4%
Participants - UEFA (Europe)Yugoslavia
53.5%
Cities played inNantes
51%
Cities played inToulouse
44.9%
Cities played inLens
39.6%
Cities played inMontpellier
38.2%
Cities played inSaint Etienne
28.9%
MascotFootix
23%
All Star TeamCarlos Gamarra
18.5%

You're not logged in!

Compare scores with friends on all Sporcle quizzes.
Join for Free
OR
Log In

You Might Also Like...

Show Comments

Extras

Top Quizzes Today


Score Distribution

Your Account Isn't Verified!

In order to create a playlist on Sporcle, you need to verify the email address you used during registration. Go to your Sporcle Settings to finish the process.

Report this User

Report this user for behavior that violates our Community Guidelines.

Details: